000 00258nam a2200109Ia 4500
008 190216s9999||||xx |||||||||||||| ||und||
100 _aOrusangam Lekakar
245 0 _aViswamaha Granthangal
260 _bVidyarthimithram
650 _aMalayalam
942 _cBK
999 _c40393
_d40393